The Sporcle Thesaurus Quiz Stats

 Plays Quiz Updated Apr 17, 2013

Also try: Rhymes with 'Y'
Challenge
Share
Tweet
Score 0/32 Timer 08:00
2 Plays Today
% Correct
Fall
91%
Award
88.8%
Start
88.5%
Tasty
87.1%
Stuff
86.4%
Cut
85.1%
Quickly
83.8%
Bubbly
83.7%
Brave
80.5%
Evil
79.5%
Combine
79.4%
Friendly
79.2%
Smelly
77.7%
Rude
76.7%
Shy
73.6%
Brown
72.5%
% Correct
Enlarge
72.4%
Beautiful
70.7%
Fake
70.2%
Good
70.1%
Lessen
69.5%
Free
66.3%
Sneaky
64.6%
Sweet
63.6%
Academic
48.7%
Teach
46.2%
Consider
40.6%
Stupid
35%
Brief
24%
Easygoing
21.4%
Temporary
12.2%
Small
9.9%

You're not logged in!

Compare scores with friends on all Sporcle quizzes.
Join for Free
OR
Log In

You Might Also Like...

Show Comments

Extras

Top Quizzes Today


Score Distribution

Your Account Isn't Verified!

In order to create a playlist on Sporcle, you need to verify the email address you used during registration. Go to your Sporcle Settings to finish the process.

Report this User

Report this user for behavior that violates our Community Guidelines.

Details: